000 00637nam a2200217Ia 4500
003 GCL
008 140319s9999 xx 000 0 ara d
040 _aGCL /
_cGCL
082 0 4 _aد
_b050
100 1 _aمورلاييه, فرانسيس
245 1 0 _aصناعة الجوع: خرافة الندرة (عالم المعرفة 64) /
_cمورلاييه, فرانسيس
300 _a475 ص
490 _aعالم المعرفة
_v0
650 0 4 _aالجوع
650 0 4 _aالاغذية
650 0 4 _aالفقر
650 0 4 _aالمجاعات
650 0 4 _aالتخلف الاقتصادى
650 0 4 _aالقحط
942 _2ddc
_cBK
999 _c50448
_d50448